Villes du Tarn en images - Statistiques

Statistiques générales
  • Ce quiz a été pris 172 fois
  • Le résultat moyen est 10 sur 18
Statistiques - réponses
Par images Hint Réponse % Correct
A Albi
98%
C Castres
97%
M Mazamet
91%
G Gaillac
87%
C Cordes-sur-Ciel
69%
L Lautrec
68%
L Lavaur
68%
G Graulhet
65%
C Carmaux
53%
L Lisle-sur-Tarn
52%
R Rabastens
51%
R Realmont
50%
S Saint-Sulpice-la-Pointe
45%
S Soual
31%
L Lacaune
27%
S Sorèze
25%
L Labruguière
24%
M Marssac-sur-Tarn
13%
Aucun quiz correspondant
Distribution des résultats
% des personnes avec chaque résultat
Percentile par nombre de réponses
Votre historique - résultats
Vous n’avez pas pris ce quiz